000 00596cam a22001932 4500
001 0000001611
005 20151217155812.0
008 070319s xx 000 0 eng d
040 _aKABU
_cKABU
050 0 _aHC860
_b.P65
245 1 0 _aPolitics of integration :
_ban East African documentary /
_ced. by Donald Rothchild.
260 _aNairobi :
_bEAPH,
_c1968.
300 _axxvii, 343 p.
651 0 _aAfrica, East
_xEconomic conditions.
_@0000149950
700 1 _aRothchild, Donald.
_@0000150495
908 _a070319
950 _@1
999 _c12628
_d12628